000 00513nam a22001577a 4500
008 150911b xxu||||| |||| 00| 0 eng d
020 _a9780071289504
050 _aHD 30.28 .P43 2011
100 _aPearce,John A.
_d2011
245 _aStrategic management:
_bformulation,implementation and control.
_cJohn A.Pearce
250 _a12th ed
260 _aBoston:
_bMcGraw-Hill,
_c2011.
300 _axxi,404[412]p.ill;
700 _aRobinson,Richard B.
942 _2lcc
_cBOOKS
_hHD 30.28 .P43 2011
999 _c5485
_d5485